Les 10 pays possédant les plus grandes réserves d'uranium - Statistiques

Statistiques générales
  • Ce quiz a été pris 99 fois
  • Le résultat moyen est 7 sur 10
Statistiques - réponses
Réserve (en milliers de tonnes) Pays % Correct
486 Russie
98%
290 Chine
92%
514 Canada
83%
1818 Australie
76%
277 Brésil
71%
842 Kazakhstan
71%
280 Niger
66%
322 Afrique du Sud
49%
139 Ouzbékistan
44%
442 Namibie
24%
Aucun quiz correspondant
Distribution des résultats
% des personnes avec chaque résultat
Percentile par nombre de réponses
Votre historique - résultats
Vous n’avez pas pris ce quiz